000 00740nam a22001817a 4500
008 090708t xxu||||| |||| 00| 0 eng d
020 _a0194371476
082 _222
_a370.154
_bHAD
245 _aClassroom Dynamics /
_cJill Hadfield.
260 _aOxford :
_bOxford University Press,
_c1992
300 _a180 p. :
_bill. ;
_c25 cm.
490 _aResource Books for Teachers
504 _aIncludes bibliographical references p.175-178 and index
650 _97744
_aTeacher-student relationships
650 _97745
_aMotivation in education
942 _2ddc
_cBB
999 _c12252
_d12252